Statistics for Colours of the Rainbow

Click here to take the quiz!

General Stats

  • This quiz has been taken 5 times
  • The average score is 6 of 7

Answer Stats

Answer% Correct
Green
100%
Orange
100%
Red
100%
Yellow
100%
Blue
67%
Violet
67%
Indigo
33%

Score Distribution

Percentile by Number Answered

Percent of People with Each Score

Your Score History

You have not taken this quiz